Statistics for wwe submissions

Click here to take the quiz!

General Stats

  • This quiz has been taken 2,700 times
    (2,682 since last reset)
  • The average score is 7 of 15

Answer Stats

HintAnswer% Correct
bret hartsharpshooter
87%
chris jerichowalls of jericho
86%
daniel bryanyes lock
76%
kurt angle /swaggerankle lock
74%
undertakerhells gate
63%
chris mastersmaster lock
62%
ric flairfigure four leg lock
56%
alberto del riocross arm breaker
55%
john cenastfu
55%
dolph zigglersleeper hold
38%
cm punkanaconda vise
37%
brock lesnarbrock lock
25%
great khalivise grip
17%
batistabatista bite
15%
cm punkfinger four neck lock
0%

Score Distribution

Percentile by Number Answered

Percent of People with Each Score

Your Score History

You have not taken this quiz since the last reset